| 000 | 00373cam a2200133ua 4500 | ||
|---|---|---|---|
| 020 | _a9788125927761 | ||
| 082 |
_a631.5872 _bBHA/LA |
||
| 100 |
_aBhattacharya, A K . _9343 |
||
| 100 |
_aMichael A.M. _9114 |
||
| 245 | _aLand Drainage : Principles Methods and Applications / | ||
| 260 |
_aNew Delhi : _bVikas Publishing House Pvt. Ltd , _c2010 |
||
| 300 | _a 757. | ||
| 942 | _cBK | ||
| 999 |
_c759 _d759 |
||